| 000 | 00918nam a2200253 a 4500 | ||
|---|---|---|---|
| 001 | BRCA_7045 | ||
| 005 | 20190320205705.0 | ||
| 008 | 011211s2002----mx-a######---#000-0#spa-# | ||
| 020 | _a970188177X | ||
| 041 | _aspa | ||
| 044 | _amx | ||
| 050 | 4 |
_aHD9537 _b.R85 2002 |
|
| 100 | 1 |
_aRuiz Medrano, Carlos Rubén _910014 |
|
| 245 | 1 | 0 |
_aPlata labrada en la Real Hacienda _bestudio fiscal novohispano, 1739-1800 _cCarlos Rubén Ruiz Medrano. |
| 260 |
_aMéxico _bINAH ; El Colegio de San Luis _c2002 |
||
| 300 |
_a152 p. _bil. _c26 cm. |
||
| 440 | 0 |
_aColección Científica _pSerie Historia _v445 _917505 |
|
| 500 | _aDonación de María Sánchez | ||
| 504 | _aBibliografía: p. 149-152 | ||
| 650 | 1 | 4 |
_aMinas de plata y minería _xHistoria _ySiglo XVIII _zMéxico _917506 |
| 650 | 1 | 4 |
_aPlatería _xHistoria _ySiglo XVIII _zMéxico _917507 |
| 650 | 1 | 4 |
_aPolítica fiscal _xHistoria _ySiglo XVIII _zMéxico _917508 |
| 942 |
_2lcc _cB |
||
| 999 |
_c6726 _d6726 |
||